[Event "Mittelfrankenliga-B2a 0506"]
[Site "Germany"]
[Date "2006.01.15"]
[Round "4.3"]
[White "Reichenberger, Helmut"]
[Black "Koerber, Thomas"]
[Result "1/2-1/2"]
[WhiteElo "1837"]
[BlackElo "1920"]
[PlyCount "69"]
[EventDate "2005.10.16"]
[EventType "team"]
[EventRounds "9"]
[EventCountry "GER"]
[SourceTitle "EXT 2007"]
[Source "ChessBase"]
[SourceDate "2006.11.23"]
[SourceVersion "1"]
[SourceVersionDate "2006.11.23"]
[SourceQuality "1"]

1. e4 c5 2. Nc3 Nc6 3. f4 g6 4. Nf3 Bg7 5. Bc4 e6 6. 0-0 Nge7 7. a3 0-0 8. d3 d5 9. Ba2 Rb8 10. Qe1 Nd4 11. Bb1 Nec6 12. Nxd4 Nxd4 13. Kh1 b5 14. Rf2 Bb7 15. Ba2 a5 16. Nd1 dxe4 17. c3 Nf5 18. dxe4 Bxe4 19. Ne3 Qc7 20. Nc2 Bb7 21. Bd2 Rbd8 22. Rd1 Rd7 23. Bc1 Rfd8 24. Rxd7 Rxd7 25. Ne3 Qd8 26. Bb3 Nxe3 27. Bxe3 c4 28. Bc2 h5 29. Rd2 Rxd2 30. Bxd2 Qd5 31. Qf2 Bf6 32. Be3 Kg7 33. Kg1 Bc6 34. Kf1 Bb7 35. Kg1 1/2-1/2

[Event "Mittelfranken-chT 0405"]
[Site "Germany"]
[Date "2005.01.23"]
[Round "5.7"]
[White "Reichenberger, Helmut"]
[Black "Preisser, Reinhard"]
[Result "1-0"]
[WhiteElo "1814"]
[BlackElo "1798"]
[PlyCount "86"]
[EventDate "2004.10.17"]
[EventType "team"]
[EventRounds "9"]
[EventCountry "GER"]
[SourceTitle "EXT 2007"]
[Source "ChessBase"]
[SourceDate "2006.11.23"]
[SourceVersion "1"]
[SourceVersionDate "2006.11.23"]
[SourceQuality "1"]

1. e4 e5 2. Nf3 Nc6 3. Bb5 a6 4. Bxc6 dxc6 5. Nc3 Bd6 6. d4 Bg4 7. dxe5 Bxf3 8. Qxf3 Bxe5 9. Bf4 Bxf4 10. Qxf4 Qd6 11. e5 Qe6 12. 0-0-0 Ne7 13. Rhe1 0-0 14. Kb1 Nd5 15. Qg3 Nxc3+ 16. Qxc3 Rad8 17. h3 Rd5 18. f4 Rfd8 19. Qf3 Rxd1+ 20. Rxd1 Rxd1+ 21. Qxd1 Qd5 22. Qf1 Qe6 23. b3 f6 24. exf6 Qxf6 25. Qc4+ Qf7 26. Qxf7+ Kxf7 27. c4 Ke6 28. g4 b5 29. Kc2 a5 30. Kd3 b4 31. Kd4 Kd6 32. c5+ Ke6 33. Ke4 h6 34. h4 Kf6 35. f5 g5 36. fxg6 Kxg6 37. Ke5 Kf7 38. Kf5 Kg7 39. Ke6 Kg6 40. Kd7 Kf6 41. Kxc7 Ke5 42. Kxc6 Kf4 43. g5 hxg5 1-0